<?xml version="1.0" encoding="UTF-8"?><collection xmlns="info:lc/xmlns/marcxchange-v2"><record format="Unimarc" type="bibliographic"><leader>00830cam  22002531  450 </leader><controlfield tag="001">2025020</controlfield><controlfield tag="003">http://id.bnportugal.gov.pt/bib/porbase/2025020</controlfield><controlfield tag="005">20030516203700.0</controlfield><datafield ind1=" " ind2=" " tag="010"><subfield code="a">0-521-28414-7</subfield></datafield><datafield ind1=" " ind2=" " tag="035"><subfield code="4">38000</subfield></datafield><datafield ind1=" " ind2=" " tag="095"><subfield code="a">PTBN00639445</subfield></datafield><datafield ind1=" " ind2=" " tag="100"><subfield code="a">19921014d1982    m  y0pory0103    ba</subfield></datafield><datafield ind1="0" ind2=" " tag="101"><subfield code="a">eng</subfield></datafield><datafield ind1=" " ind2=" " tag="102"><subfield code="a">GB</subfield></datafield><datafield ind1="1" ind2=" " tag="200"><subfield code="a">Judgement under uncertainty</subfield><subfield code="e">heuristics and biases</subfield><subfield code="f">ed. Daniel Kahneman, Paul Slovic, Amos Tversky</subfield></datafield><datafield ind1=" " ind2=" " tag="210"><subfield code="a">Cambridge</subfield><subfield code="c">University Press</subfield><subfield code="d">cop. 1982</subfield></datafield><datafield ind1=" " ind2=" " tag="215"><subfield code="a">XIII, 555 p.</subfield><subfield code="d">24 cm</subfield></datafield><datafield ind1=" " ind2=" " tag="675"><subfield code="a">316.6</subfield><subfield code="v">med</subfield><subfield code="z">fre</subfield><subfield code="3">290124</subfield></datafield><datafield ind1=" " ind2="1" tag="702"><subfield code="a">Kahneman</subfield><subfield code="b">Daniel</subfield><subfield code="4">340</subfield><subfield code="3">171680</subfield></datafield><datafield ind1=" " ind2="1" tag="702"><subfield code="a">Slovic</subfield><subfield code="b">Paul</subfield><subfield code="4">340</subfield><subfield code="3">171681</subfield></datafield><datafield ind1=" " ind2="1" tag="702"><subfield code="a">Tversky</subfield><subfield code="b">Amos</subfield><subfield code="4">340</subfield><subfield code="3">171682</subfield></datafield><datafield ind1=" " ind2="0" tag="801"><subfield code="a">PT</subfield><subfield code="b">BN</subfield><subfield code="g">RPC</subfield></datafield><datafield ind1=" " ind2=" " tag="977"><subfield code="1">316/244</subfield><subfield code="2">coop</subfield><subfield code="4">ESEC</subfield><subfield code="6">mq2362749</subfield><subfield code="7">bc</subfield><subfield code="8">coop</subfield><subfield code="9">ESEC</subfield><subfield code="k">0</subfield></datafield><datafield ind1=" " ind2=" " tag="977"><subfield code="1">IV-2/P</subfield><subfield code="2">coop</subfield><subfield code="3">0</subfield><subfield code="4">UCPCE</subfield><subfield code="6">+400</subfield><subfield code="7">bc</subfield><subfield code="8">COOP</subfield><subfield code="9">UCPCE</subfield><subfield code="k">0</subfield></datafield><datafield ind1=" " ind2=" " tag="977"><subfield code="1">PSI/SOC 1923</subfield><subfield code="2">coop</subfield><subfield code="4">ULFP</subfield><subfield code="6">mq707610</subfield><subfield code="7">bc</subfield><subfield code="8">coop</subfield><subfield code="9">ULFP</subfield><subfield code="k">0</subfield></datafield><datafield ind1=" " ind2=" " tag="998"><subfield code="a">ULP2-916</subfield></datafield></record></collection>